España en América

保存先:
書誌詳細
第一著者: Altamira y Crevea, Rafael (著者)
フォーマット: 図書
言語:スペイン語
出版事項: Valencia, España F. Sempere 1908
主題:
タグ: タグ追加
タグなし, このレコードへの初めてのタグを付けませんか!

MARC

LEADER 00000nam a2200000 a 4500
001 UCO1226
003 CL-VaPUC
005 20210521001543.0
008 000512e19080000SP |||||||||||||||||spa|d
999 |c 287855  |d 287853 
040 |c Pontificia Universidad Católica de Valparaíso 
082 0 4 |a 946 ALT 1908  |2 21 
100 0 |a Altamira y Crevea, Rafael  |e author  |9 443142 
245 1 0 |a España en América 
260 |a Valencia, España  |b F. Sempere  |c 1908 
300 |a 372 páginas 
583 |a last modification  |c 20000512 00:00:00  |k Rodrigo Vera 
650 0 |a Historia de España  |x INFLUENCIA SOCIAL  |z AMERICA  |9 315435 
650 0 |a Historia de América  |z ESPAÑA  |9 266076 
650 7 |a INFLUENCIA CULTURAL  |2 CL-VaPUC  |9 427164  |z ESPAÑA  |z AMERICA 
852 |a BIBCUR 
942 |c BK  |2 ddc 
945 |d 20000512 00:00:00  |a rherrera 
952 |0 0  |1 0  |2 ddc  |4 0  |6 946_000000000000000_ALT_1908  |7 0  |8 X  |9 334920  |a BIBHIS  |b BIBHIS  |d 2019-11-20  |i 1269984  |l 1  |o 946 ALT 1908  |p 1269984  |r 2024-01-30  |s 2023-04-14  |t 1  |w 2019-11-20  |y BK_X  |k HIS